<?xml version="1.0" encoding="UTF-8"?>
<record
    xmlns:xsi="http://www.w3.org/2001/XMLSchema-instance"
    xsi:schemaLocation="http://www.loc.gov/MARC21/slim http://www.loc.gov/standards/marcxml/schema/MARC21slim.xsd"
    xmlns="http://www.loc.gov/MARC21/slim">

  <leader>     nam a22     7a 4500</leader>
  <datafield tag="999" ind1=" " ind2=" ">
    <subfield code="c">55752</subfield>
    <subfield code="d">55752</subfield>
  </datafield>
  <controlfield tag="003">OSt</controlfield>
  <controlfield tag="005">20220927151005.0</controlfield>
  <controlfield tag="008">220927b        xxu||||| |||| 00| 0 eng d</controlfield>
  <datafield tag="040" ind1=" " ind2=" ">
    <subfield code="c">IIMT COLLEGE OF PHARMACY, GREATER NOIDA</subfield>
  </datafield>
  <datafield tag="100" ind1=" " ind2=" ">
    <subfield code="a">ABRWAL, R.K</subfield>
  </datafield>
  <datafield tag="245" ind1=" " ind2=" ">
    <subfield code="a">PHARMACEUTICAL CHEMISTRY</subfield>
  </datafield>
  <datafield tag="260" ind1=" " ind2=" ">
    <subfield code="a">MEERUT</subfield>
    <subfield code="b">SARTHAK</subfield>
    <subfield code="c">2022</subfield>
  </datafield>
  <datafield tag="300" ind1=" " ind2=" ">
    <subfield code="a">288</subfield>
  </datafield>
  <datafield tag="942" ind1=" " ind2=" ">
    <subfield code="2">ddc</subfield>
    <subfield code="c">02</subfield>
  </datafield>
  <datafield tag="952" ind1=" " ind2=" ">
    <subfield code="0">0</subfield>
    <subfield code="1">0</subfield>
    <subfield code="2">ddc</subfield>
    <subfield code="4">0</subfield>
    <subfield code="7">0</subfield>
    <subfield code="a">26</subfield>
    <subfield code="b">26</subfield>
    <subfield code="d">2022-09-27</subfield>
    <subfield code="e">KIRTI</subfield>
    <subfield code="g">250.00</subfield>
    <subfield code="i">IN-872 / 30-08-22</subfield>
    <subfield code="l">1</subfield>
    <subfield code="p">26-B-950</subfield>
    <subfield code="r">2024-07-02</subfield>
    <subfield code="s">2023-12-07</subfield>
    <subfield code="w">2022-09-27</subfield>
    <subfield code="y">02</subfield>
  </datafield>
  <datafield tag="952" ind1=" " ind2=" ">
    <subfield code="0">0</subfield>
    <subfield code="1">0</subfield>
    <subfield code="2">ddc</subfield>
    <subfield code="4">0</subfield>
    <subfield code="7">0</subfield>
    <subfield code="a">26</subfield>
    <subfield code="b">26</subfield>
    <subfield code="d">2022-09-27</subfield>
    <subfield code="e">KIRTI</subfield>
    <subfield code="g">250.00</subfield>
    <subfield code="i">IN-872 / 30-08-22</subfield>
    <subfield code="l">4</subfield>
    <subfield code="p">26-B-951</subfield>
    <subfield code="r">2025-07-25</subfield>
    <subfield code="s">2025-07-25</subfield>
    <subfield code="w">2022-09-27</subfield>
    <subfield code="y">02</subfield>
  </datafield>
  <datafield tag="952" ind1=" " ind2=" ">
    <subfield code="0">0</subfield>
    <subfield code="1">0</subfield>
    <subfield code="2">ddc</subfield>
    <subfield code="4">0</subfield>
    <subfield code="7">0</subfield>
    <subfield code="a">26</subfield>
    <subfield code="b">26</subfield>
    <subfield code="d">2022-09-27</subfield>
    <subfield code="e">KIRTI</subfield>
    <subfield code="g">250.00</subfield>
    <subfield code="i">IN-872 / 30-08-22</subfield>
    <subfield code="l">3</subfield>
    <subfield code="p">26-B-952</subfield>
    <subfield code="r">2024-07-02</subfield>
    <subfield code="s">2024-02-07</subfield>
    <subfield code="w">2022-09-27</subfield>
    <subfield code="y">02</subfield>
  </datafield>
  <datafield tag="952" ind1=" " ind2=" ">
    <subfield code="0">0</subfield>
    <subfield code="1">0</subfield>
    <subfield code="2">ddc</subfield>
    <subfield code="4">0</subfield>
    <subfield code="7">0</subfield>
    <subfield code="a">26</subfield>
    <subfield code="b">26</subfield>
    <subfield code="d">2022-09-27</subfield>
    <subfield code="e">KIRTI</subfield>
    <subfield code="g">250.00</subfield>
    <subfield code="i">IN-872 / 30-08-22</subfield>
    <subfield code="l">2</subfield>
    <subfield code="p">26-B-953</subfield>
    <subfield code="r">2024-07-02</subfield>
    <subfield code="s">2023-10-19</subfield>
    <subfield code="w">2022-09-27</subfield>
    <subfield code="y">02</subfield>
  </datafield>
  <datafield tag="952" ind1=" " ind2=" ">
    <subfield code="0">0</subfield>
    <subfield code="1">0</subfield>
    <subfield code="2">ddc</subfield>
    <subfield code="4">0</subfield>
    <subfield code="7">0</subfield>
    <subfield code="a">26</subfield>
    <subfield code="b">26</subfield>
    <subfield code="d">2022-09-27</subfield>
    <subfield code="e">KIRTI</subfield>
    <subfield code="g">250.00</subfield>
    <subfield code="i">IN-872 / 30-08-22</subfield>
    <subfield code="l">2</subfield>
    <subfield code="p">26-B-954</subfield>
    <subfield code="q">2024-07-30</subfield>
    <subfield code="r">2023-10-25</subfield>
    <subfield code="s">2023-10-25</subfield>
    <subfield code="w">2022-09-27</subfield>
    <subfield code="y">02</subfield>
  </datafield>
  <datafield tag="952" ind1=" " ind2=" ">
    <subfield code="0">0</subfield>
    <subfield code="1">0</subfield>
    <subfield code="2">ddc</subfield>
    <subfield code="4">0</subfield>
    <subfield code="7">0</subfield>
    <subfield code="a">26</subfield>
    <subfield code="b">26</subfield>
    <subfield code="d">2022-09-27</subfield>
    <subfield code="e">KIRTI</subfield>
    <subfield code="g">250.00</subfield>
    <subfield code="i">IN-872 / 30-08-22</subfield>
    <subfield code="l">2</subfield>
    <subfield code="p">26-B-955</subfield>
    <subfield code="r">2025-01-07</subfield>
    <subfield code="s">2023-10-19</subfield>
    <subfield code="w">2022-09-27</subfield>
    <subfield code="y">02</subfield>
  </datafield>
  <datafield tag="952" ind1=" " ind2=" ">
    <subfield code="0">0</subfield>
    <subfield code="1">0</subfield>
    <subfield code="2">ddc</subfield>
    <subfield code="4">0</subfield>
    <subfield code="7">0</subfield>
    <subfield code="a">26</subfield>
    <subfield code="b">26</subfield>
    <subfield code="d">2022-09-27</subfield>
    <subfield code="e">KIRTI</subfield>
    <subfield code="g">250.00</subfield>
    <subfield code="i">IN-872 / 30-08-22</subfield>
    <subfield code="l">2</subfield>
    <subfield code="p">26-B-956</subfield>
    <subfield code="q">2023-09-10</subfield>
    <subfield code="r">2023-05-03</subfield>
    <subfield code="s">2023-05-03</subfield>
    <subfield code="w">2022-09-27</subfield>
    <subfield code="y">02</subfield>
  </datafield>
  <datafield tag="952" ind1=" " ind2=" ">
    <subfield code="0">0</subfield>
    <subfield code="1">0</subfield>
    <subfield code="2">ddc</subfield>
    <subfield code="4">0</subfield>
    <subfield code="7">0</subfield>
    <subfield code="a">26</subfield>
    <subfield code="b">26</subfield>
    <subfield code="d">2022-09-27</subfield>
    <subfield code="e">KIRTI</subfield>
    <subfield code="g">250.00</subfield>
    <subfield code="i">IN-872 / 30-08-22</subfield>
    <subfield code="l">2</subfield>
    <subfield code="p">26-B-957</subfield>
    <subfield code="r">2024-07-02</subfield>
    <subfield code="s">2023-10-20</subfield>
    <subfield code="w">2022-09-27</subfield>
    <subfield code="y">02</subfield>
  </datafield>
  <datafield tag="952" ind1=" " ind2=" ">
    <subfield code="0">0</subfield>
    <subfield code="1">0</subfield>
    <subfield code="2">ddc</subfield>
    <subfield code="4">0</subfield>
    <subfield code="7">0</subfield>
    <subfield code="a">26</subfield>
    <subfield code="b">26</subfield>
    <subfield code="d">2022-09-27</subfield>
    <subfield code="e">KIRTI</subfield>
    <subfield code="g">250.00</subfield>
    <subfield code="i">IN-872 / 30-08-22</subfield>
    <subfield code="l">3</subfield>
    <subfield code="p">26-B-958</subfield>
    <subfield code="r">2025-11-03</subfield>
    <subfield code="s">2025-01-23</subfield>
    <subfield code="w">2022-09-27</subfield>
    <subfield code="y">02</subfield>
  </datafield>
  <datafield tag="952" ind1=" " ind2=" ">
    <subfield code="0">0</subfield>
    <subfield code="1">0</subfield>
    <subfield code="2">ddc</subfield>
    <subfield code="4">0</subfield>
    <subfield code="7">0</subfield>
    <subfield code="a">26</subfield>
    <subfield code="b">26</subfield>
    <subfield code="d">2022-09-27</subfield>
    <subfield code="e">KIRTI</subfield>
    <subfield code="g">250.00</subfield>
    <subfield code="i">IN-872 / 30-08-22</subfield>
    <subfield code="l">1</subfield>
    <subfield code="p">26-B-959</subfield>
    <subfield code="q">2023-09-10</subfield>
    <subfield code="r">2023-05-03</subfield>
    <subfield code="s">2023-05-03</subfield>
    <subfield code="w">2022-09-27</subfield>
    <subfield code="y">02</subfield>
  </datafield>
</record>
